000 00455pab a2200181 454500
008 180718b2001 xxu||||| |||| 00| 0 eng d
100 _aGhose, Bhaskar
245 _aThin green line
260 _c2001
300 _ap.10
362 _a4 May
650 _aIndia - Foreign relations - Bangladesh
650 _aInternational relations
650 _aInternational conflicts
650 _aBorder disputes
773 _aHindustan Times
909 _a49540
999 _c49540
_d49540